00324nam a2200121Ia 4500008004100000041000800041082001800049100001900067245004800086260003200134300001900166999001700185241015s9999 xx 000 0 und d aeng a658.40301 GUE aHector Guerreo aExcel Data Analysis Modeling And Simulation bSpringeraSwitzerlandc2019 a346;. P. 22 cm c41753d41753